Countries by First Letter - Tile Select - Statistics

General Stats
  • This quiz has been taken 939 times
  • The average score is 60 of 72
Answer Stats
Question Tile Select % Correct
ZERO countries begin with... (2 answers) D No
99%
ZERO countries begin with... (2 answers) F No
99%
ZERO countries begin with... (2 answers) H No
99%
ZERO countries begin with... (2 answers) J No
98%
ZERO countries begin with... (2 answers) R No
98%
ZERO countries begin with... (2 answers) V No
98%
ZERO countries begin with... (2 answers) Z No
98%
ONE country begins with... (3 answers) D No
96%
ZERO countries begin with... (2 answers) O No
96%
ONE country begins with... (3 answers) R No
96%
ONE country begins with... (3 answers) X No
96%
ZERO countries begin with... (2 answers) Y No
96%
ONE country begins with... (3 answers) F No
95%
ONE country begins with... (3 answers) H No
95%
ZERO countries begin with... (2 answers) Q No
95%
ZERO countries begin with... (2 answers) X Yes
95%
ONE country begins with... (3 answers) W No
94%
ONE country begins with... (3 answers) Z No
94%
ONE country begins with... (3 answers) J No
93%
ONE country begins with... (3 answers) V No
93%
TWO countries begin with... (1 answer) X No
93%
TWO countries begin with... (1 answer) Q No
92%
TWO countries begin with... (1 answer) W No
92%
TWO countries begin with... (1 answer) D No
91%
TWO countries begin with... (1 answer) O No
91%
TWO countries begin with... (1 answer) R No
91%
TWO countries begin with... (1 answer) Y No
91%
TWO countries begin with... (1 answer) F No
90%
TWO countries begin with... (1 answer) H No
90%
THREE countries begin with... (2 answers) Q No
89%
TWO countries begin with... (1 answer) V No
89%
THREE countries begin with... (2 answers) X No
89%
TWO countries begin with... (1 answer) J No
88%
THREE countries begin with... (2 answers) O No
88%
THREE countries begin with... (2 answers) W No
88%
THREE countries begin with... (2 answers) Y No
88%
THREE countries begin with... (2 answers) Z No
87%
FOUR countries begin with... (3 answers) Q No
86%
FOUR countries begin with... (3 answers) X No
86%
FOUR countries begin with... (3 answers) Y No
86%
FOUR countries begin with... (3 answers) Z No
85%
FOUR countries begin with... (3 answers) W No
84%
FOUR countries begin with... (3 answers) O No
83%
FIVE countries begin with... (1 answer) Q No
83%
FIVE countries begin with... (1 answer) W No
83%
FIVE countries begin with... (1 answer) X No
83%
FIVE countries begin with... (1 answer) Y No
83%
FIVE countries begin with... (1 answer) O No
82%
ONE country begins with... (3 answers) Y Yes
82%
FIVE countries begin with... (1 answer) Z No
82%
THREE countries begin with... (2 answers) D No
81%
ZERO countries begin with... (2 answers) W Yes
80%
FIVE countries begin with... (1 answer) J No
79%
ONE country begins with... (3 answers) O Yes
78%
ONE country begins with... (3 answers) Q Yes
78%
FIVE countries begin with... (1 answer) V No
77%
FIVE countries begin with... (1 answer) H No
75%
FIVE countries begin with... (1 answer) F No
74%
THREE countries begin with... (2 answers) R No
74%
TWO countries begin with... (1 answer) Z Yes
74%
FOUR countries begin with... (3 answers) J No
73%
THREE countries begin with... (2 answers) V No
70%
THREE countries begin with... (2 answers) F No
69%
FOUR countries begin with... (3 answers) H No
61%
FIVE countries begin with... (1 answer) R No
61%
THREE countries begin with... (2 answers) J Yes
55%
FOUR countries begin with... (3 answers) D No
51%
FOUR countries begin with... (3 answers) F Yes
47%
FOUR countries begin with... (3 answers) R Yes
46%
THREE countries begin with... (2 answers) H Yes
45%
FOUR countries begin with... (3 answers) V Yes
44%
FIVE countries begin with... (1 answer) D Yes
35%
No matching quizzes found
Score Distribution
Percent of People with Each Score
Percentile by Number Answered
Your Score History
You have not taken this quiz